000 00716nas a2200241 4500
001 BR0801113
003 BR-BrBNA
005 20231205111620.0
007 ta
008 230509b bl.|||p| |||| 00| 00por d
040 _aBR-BrBNA
_bpor
_cBiblioteca Nacional de Agricultura
041 _a(Pt)
072 _aL73
100 1 _aPellegrin, A.O.
100 1 _aLage, A.P.
100 1 _aLeite, R.C.
245 1 _aTricomonose bovina: um problema ainda não resolvido
650 _aBOVINO
650 _aTRICOMONOSE
773 0 _tRevista Brasileira de Reprodução Animal (Brazil)
_xISSN 0102-0803
_g(Oct-Dec 1998), v. 24(3) p. 185-193
_wBR0801113
909 _a202311
_bLúcia
_c55
_dLúcia Elande
942 _2AGRIS
_n0
_cANA
999 _c193552
_d193552